| 000 | 00484nam a22001697a 4500 | ||
|---|---|---|---|
| 003 | OSt | ||
| 008 | 260511b |||||||| |||| 00| 0 eng d | ||
| 082 |
_a633.11 _bS48P |
||
| 100 | _aSinha, Sanjay Kumar | ||
| 245 | _aPerformance of Wheat (Triticum aestivum L.) Varieties to Different Date of Sowing under Irrigated Late Sown Condition | ||
| 260 |
_aPusa, Samastipur _bRAU _c1999 |
||
| 300 | _a64P. | ||
| 502 |
_bMsc. _d1999 |
||
| 650 | _aAgronomy | ||
| 650 | _aMsc. | ||
| 942 |
_2ddc _cT |
||
| 999 |
_c50537 _d50537 |
||